000 01716nam1a22003251 4500
001 rc\4146727
005 20130415182655.1
035 _a(NLR Aleph) 008167046
090 _a7830639
_c7830639
100 _a20130415d1953 |||y0rusy50 ca
101 0 _arus
102 _aRU
105 _a z |||||
200 1 _aП.А. Румянцев. 1725-1796
_fПод ред. [и с введ.] полк. П.К. Фортунатова. Т. 1-
210 _aМосква
_cВоен. изд-во
_d1953
215 _d23
225 1 _aГлавное архивное управление. Центральный государственный военно-исторический архив СССР. Институт истории Академии наук СССР. Материалы по истории русской армии
_iРусские полководцы
_eСборники документов
_fПод общ. ред. ген.-майора В.Д. Стырова, гвардии ген.-лейт. А.В. Сухомлина
300 _aНа XXIV с. сост.: Е.П. Воронин
311 _aПрил.: Схемы
421 0 _11010#$arus
_12001#$aСхемы
_1215##$a9 с.
606 _aРусско-турецкая война 1768-1774 гг.
_jДокументы и материалы
_2psbo
606 _aПолководцы русские
_z18 в.
_jДокументы и материалы
_2psbo
702 1 _aФортунатов
_bП. К.
_4340
_4080
702 1 _aРумянцев
_bП. А.
_gПетр Александрович
_4570
702 1 _aВоронин
_bЕ. П.
_4220
801 0 _aRU
_bNLR
_gpsbo
801 1 _aRU
_bELAR
_2rusmarc
852 _aNLR
_jВ10 Г-5/80
942 _cBOOK
980 _aNB